000 00557nam a2200205 4500
003 OSt
005 20240123075105.0
008 240123b |||||||| |||| 00| 0 eng d
020 _a0415419360
040 _c040a
082 _a307.76 HAR 2007
100 _aHardoy, E. Jorge;
_916896
245 _aPre-columbian cities/
_cJorge E. Hardoy
260 _aLondon;
_bRoutledge,
_c2007.
300 _axxxvi, 602p.:
_bill.
_c24cm
504 _aBibliography and Index included
650 _aUrban centres
_916897
650 _aCities
_914775
942 _2ddc
_cO_SHELF
999 _c8264
_d8264